000 00435nam a2200181Ia 4500
008 170705s9999 xx 000 0 und d
020 _a9780545060974
245 _aYour skin and bones /
245 _cMegan Duhamel.
260 _aNew York :
260 _bScholastic,
260 _c2008
300 _a16 pages :
300 _bcolor illustration ;
300 _c23cm.
440 _aScience vocabulary readers.
500 _a440
999 _c335719
_d335719